000 00814nam a2200229 i 4500
001 183721
003 ES-MaACL
005 20230906221947.0
008 141002s1994 sp | |||| ||spa d
080 _a73 Bellotti, Evaristo (083.824)
100 1 _aBellotti, Evaristo.
_9155329
245 1 0 _aEvaristo Bellotti
_b: Sala Triunfo, Granada, noviembre-diciembre 1994 /
_c[textos, Alicia Murría].
260 _a[Granada] :
_bLa General,
_c[1994]
300 _a22 p. :
_bprincipalmente il. col. ;
_c27 cm.
600 1 4 _aBellotti, Evaristo-
_vExposiciones.
_9155649
655 7 _2tgfbne
_9193628
_aCatálogos de exposiciones
700 1 _aMurría, Alicia.
_9155650
710 2 _aCaja General de Ahorros de Granada.
_92329
852 _aES-MaACL
_j1591-F-15
942 _2udc
999 _c183721
_d183721